| 000 | 00371nam a2200133Ia 4500 | ||
|---|---|---|---|
| 008 | 220204s9999 xx 000 0 und d | ||
| 082 |
_a581.48:581.162.3(06) _bPOR |
||
| 100 | _aJENKINS, G | ||
| 245 | 0 | _aSeed regeneration in corss pollinated species. | |
| 260 |
_aRotterdam _bAA Balkema _c1982 |
||
| 650 | _aGermplasm conservation | ||
| 700 | _aPORCEDDU, E | ||
| 942 | _cBK | ||
| 999 |
_c38861 _d38861 |
||